| 000 | 00428nam a2200169Ia 4500 | ||
|---|---|---|---|
| 008 | 230917s9999||||xx |||||||||||||| ||und|| | ||
| 020 | _cRS450 | ||
| 040 |
_e235492 _aMAIN |
||
| 041 | _aEnglish | ||
| 082 | _a809.3 D34H | ||
| 100 | _ade Groot, Jerome | ||
| 245 | 0 | _aHistorical novel | |
| 260 |
_aLondon _bRoutledge _c2013 |
||
| 300 | _avi, 200 p. | ||
| 500 | _a2441 21/10/2016 HBD16/6694 21/10/2016 Main Budget | ||
| 942 | _cBK | ||
| 999 |
_c19646 _d19646 |
||